Příprava a realizace investiční výstavby

Gespeichert in:
Bibliographische Detailangaben
1. Verfasser: Černoch, Josef
Körperschaft: Vysoká škola ekonomická v Praze. Národohospodářská fakulta
Weitere Verfasser: Slaboch, Ladislav, Toušek, Stanislav
Format: Buch
Sprache:Tschechisch
Veröffentlicht: Praha Státní nakladatelství technické literatury 1990
Ausgabe:1. vyd.
Tags: Tag hinzufügen
Keine Tags, Fügen Sie das erste Tag hinzu!

MARC

LEADER 00000nam a2200000 4500
001 c039842
005 20221215120533.0
041 0 |a cze 
044 |a CZ 
245 1 0 |a Příprava a realizace investiční výstavby  |c Josef Černoch, Ladislav Slaboch, Stanislav Toušek 
250 |a 1. vyd. 
264 1 |a Praha  |b Státní nakladatelství technické literatury  |c 1990 
300 |a 119 s. 
100 1 |a Černoch, Josef 
700 1 |a Slaboch, Ladislav 
700 1 |a Toušek, Stanislav 
710 2 |a Vysoká škola ekonomická v Praze. Národohospodářská fakulta